000 00973nam a2200289 i 4500
003 EG-GICUC
005 20260428204348.0
008 260428s1908 enk||||f |||| 00| 0 eng d
040 _aEG-GiCUC
_beng
_cEG-GiCUC
_dEG-GiCUC
_erda
082 0 4 _221
_a343.39
092 0 4 _221
099 _aLaw1 10 343.39 RO . R 1908 1008664 C1
100 1 _aRoscoe, Henry,
_d1800-1836.
_eAuthor.
245 _aRoscoe's Digest of the law of evidence and the practice in criminal cases (chiefly on indictment)v
250 _aThirteenth edition /
_bHerman Cohen.
264 _aLondon :
_bStevens and Sons, Limited,
_c1908.
300 _a937 pages ;
_c24 cm
336 _2rda content
_atext
337 _2rda media
_aComputer
338 _2rda carrier
_aOnline Resource
500 _aIncludes index.
650 1 _aEvidence, Criminal
_zGreat Britain
_2qrmak
651 1 _2qrmak
856 4 0 _uhttps://fll.law.cu.edu.eg/fulltext/bks/B10-08664.pdf
905 _a162
942 _2ddc
_cBK
_e21
_n0
999 _c73999
_d73999